000 00293nam a2200109Ia 4500
008 171211s9999 xx 000 0 und d
245 _aGood Head: How to Suck Dick
245 _cHalle H Johnson
260 _c2000
650 _xSexuality
856 _uhttp://down.ebook777.com/058/160868427X.pdf
999 _c350707
_d350707